Państwa według jednej podpowiedzi #8 - Statystyki

Ogólne statystyki
  • Ten quiz został rozwiązany 13 241 razy
  • Średni wynik to 8 z 20
Statystyki odpowiedzi
Podpowiedź Państwo % Poprawnych
Jest znane w swoim języku jako "Deutschland". Niemcy
100%
Leży pomiędzy Estonią, a Litwą. Łotwa
89%
Turcja okupuje północną część tego wyspiarskiego państwa. Cypr
73%
Małe państwo, które leży pomiędzy Ukrainą, a Rumunią. Mołdawia
66%
8,7 miliona osób mieszkających w tym 9,9 milionowym arabskim państwie to obcokrajowcy. Zjednoczone Emiraty Arabskie
60%
Jego stolicą jest Dakar. Senegal
51%
Z sukcesem oparło się sowieckiej inwazji w 1940 roku. Finlandia
48%
Leży najbliżej obcasa "buta" Włoch. Albania
44%
Jedyne państwo w Ameryce Południowej, które używa języka angielskiego jako swojego języka urzędowego. Gujana
41%
Najmniejsze państwo w Rogu Afryki. Dżibuti
39%
Małe państwo, które graniczy z Burundi na południu. Rwanda
29%
Prawie 25% światowych statków jest zarejestrowanych w tym państwie Ameryki. Panama
28%
Państwo w Afryce Południowo-Zachodniej, jest znane z jego wydm. Namibia
23%
Leży w nim Gangkhar Puensum, najwyższa niezdobyta góra na świecie, ma wysokość 7570 m n.p.m. Bhutan
20%
Dzieli swoją nazwę z jednym z Wielkich Jezior Afrykańskich. Malawi
20%
Państwo w Oceanii, leży częściowo na atolu Bikini. Wyspy Marshalla
17%
Przeżył największe rozlanie ropy naftowej w dziejach (w 1991 roku, spowodowane celowo). Kuwejt
16%
Afrykańskie państwo, które jako ostatnie na świecie zdelegalizowało niewolnictwo, lecz 2% jego populacji nadal jest zniewolona. Mauretania
7%
Jego nazwa w języku portugalskim oznacza "Góry Lwicy". Sierra Leone
7%
Państwo Trzeciego Świata, miało drugie najgorsze HDI w 2018 roku. Republika Środkowoafrykańska
4%
Nie znaleziono quizów pasujących do podanych kryteriów
Rozkład punktacji
Procent ludzi z każdym wynikiem
Percentyl według liczby udzielonych odpowiedzi
Twoja historia wyników
Nie rozwiązałeś tego quizu